Foundation Analysis and Design / (Record no. 1510)

MARC details
000 -LEADER
fixed length control field 00601nam a2200217 a 4500
003 - CONTROL NUMBER IDENTIFIER
control field PK-NaQUE
005 - DATE AND TIME OF LATEST TRANSACTION
control field 20250925134143.0
008 - FIXED-LENGTH DATA ELEMENTS--GENERAL INFORMATION
fixed length control field 250925b ||||| |||| 00| 0 eng d
020 ## - INTERNATIONAL STANDARD BOOK NUMBER
International Standard Book Number 0070067708 (hardcover)
020 ## - INTERNATIONAL STANDARD BOOK NUMBER
International Standard Book Number 9780070067707 (hardcover)
040 ## - CATALOGING SOURCE
Transcribing agency QUEST
100 1# - MAIN ENTRY--PERSONAL NAME
Personal name Bowles, Joseph E.
245 10 - TITLE STATEMENT
Title Foundation Analysis and Design /
250 ## - EDITION STATEMENT
Edition statement 3rd ed.
260 ## - PUBLICATION, DISTRIBUTION, ETC. (IMPRINT)
Place of publication, distribution, etc [S.l.] :
Name of publisher, distributor, etc McGraw-Hill,
Date of publication, distribution, etc 1982.
300 ## - PHYSICAL DESCRIPTION
Extent 816 p. ;
650 ## - SUBJECT ADDED ENTRY--TOPICAL TERM
Topical term or geographic name as entry element Soil mechanics
650 ## - SUBJECT ADDED ENTRY--TOPICAL TERM
Topical term or geographic name as entry element Soil mechanics
856 40 - ELECTRONIC LOCATION AND ACCESS
Uniform Resource Identifier <a href="http://10.10.170.122:8080/browse/book/21318">http://10.10.170.122:8080/browse/book/21318</a>
Link text Download eBook
942 ## - ADDED ENTRY ELEMENTS (KOHA)
Koha item type Books
Source of classification or shelving scheme Dewey Decimal Classification
Holdings
Withdrawn status Lost status Damaged status Not for loan Home library Current library Date acquired Total Checkouts Full call number Barcode Date last seen Koha item type Collection code Shelving location Cost, normal purchase price Date checked out Price effective from
  Lost and Paid For     Central Library, QUEST, Nawabshah Central Library, QUEST, Nawabshah 05/05/2014   624.15BOW 15144 05/05/2014 Books          
        Central Library, QUEST, Nawabshah Central Library, QUEST, Nawabshah 05/05/2014   624.15BOW( Shelf - 69D) 15145 05/05/2014 Books Reference Reference      
        Central Library, QUEST, Nawabshah Central Library, QUEST, Nawabshah 25/09/2014 1 624.15BOW 14856 10/12/2019 Books     366.27 02/05/2019 25/09/2014
        Central Library, QUEST, Nawabshah Central Library, QUEST, Nawabshah 25/09/2014 1 624.15BOW 14857 05/12/2016 Books     366.27 31/08/2016 25/09/2014
        Central Library, QUEST, Nawabshah Central Library, QUEST, Nawabshah 26/09/2014 1 624.15BOW 15192 05/12/2016 Books       02/08/2016 26/09/2014
        Central Library, QUEST, Nawabshah Central Library, QUEST, Nawabshah 28/04/2015   624.15BOW 9697 28/04/2015 Books     160.65   28/04/2015
        Central Library, QUEST, Nawabshah Central Library, QUEST, Nawabshah 28/04/2015   624.15BOW 9698 28/04/2015 Books     160.65   28/04/2015
        Central Library, QUEST, Nawabshah Central Library, QUEST, Nawabshah 25/01/2017   624.15BOW D1825 25/09/2025 Books         25/09/2025